000 03163cam a22003015i 4500
999 _c1749
_d1749
001 23211643
003 CoMeUDC
005 20231102161026.0
008 230621s2023 ck 000 0 spa
010 _a 2023453414
020 _a978987917925
040 _aDLC
_beng
_eAARC
_eISBD
_cDLC
_dCO-UDEC
042 _apcc
082 _a345
_bP113
100 1 _aPabón Gómez, Germán,
_eauthor.
245 1 0 _aCómo la Teoría del caso imita al ajedrez /
_cGermán Pabón Gómez.
250 _a2a ed.
264 1 _aBogotá :
_bGrupo Editorial Ibáñez,
_c2023.
300 _a404 p. ;
_c24 cm
500 _aGermán Pabón Gómez, ex auxiliar de Magistrado de la Sala Penal de la Corte Suprema de Justicia Profesor en la Universidad del Rosario.
504 _aIncluye bibliografía.
505 _aDe la importancia de aprender a jugar ajedrez, pero no como juegan los gatos -- Concepto de teoría del caso vs. Concepto de planteo del caso -- Aspectos configuradores del planteo del caso -- Aspectos que conforman el planteo del caso -- Aspectos esenciales y estructurales de los dispositivos amplificadores del tipo de autoría y participación -- El planteo del caso no se construye por fuera de la estructura típica nuclear de la conducta objeto de prueba, ni por fuera del principio de lesividad -- El planteo del caso no se construye con criterios de responsabilidad objetiva -- El planteo del caso no se construye al margen del principio de necesidad de la prueba -- El planteo del caso no se construye al margen de los principios de licitud y legalidad de la prueba -- Características del planteo del caso -- Cómo los planteos del caso imitan al ajedrez -- Juega tu propia partida -- Todo planteo del caso merece una estrategia -- La estrategia visualiza el camino y el andar se hace camino con la táctica de los planteos del caso -- Cambiar a menudo de estrategia es lo mismo que no tener estrategia -- Preguntar: ¿Por qué sí? y ¿Por qué no? son preguntas insalvables en el planteo del caso -- Concepto de táctica y estrategia en el planteo del caso -- El cálculo en el planteo del caso -- El material en el planteo del caso -- Factores a largo plazo versus factores dinámicos en el planteo del caso -- La fase de apertura en el planteo del caso -- De la inferencia razonable a la razonabilidad jurídica frente a los actos de formulación de imputación, decreto e imposición de medida de aseguramiento en la fase de apertura -- La fase intermedia en el planteo del caso -- La fase final de la partida en el planteo del caso -- Diseño y ensamble del planteo del caso -- Construcción del relato de conductas relevantes -- Adecuación de lo fáctico a las normas sustanciales aplicables -- Identificación y elaboración de las proposiciones fácticas -- Selección de los medios de convicción a utilizar como acreditaciones probatorias -- Orden de presentación de los medios de convicción -- Teoría de los finales
650 0 _92447
_aTeoría del caso
_zColombia
650 0 _9764
_aAcción y defensa (Derecho)
650 0 _91106
_aDerecho procesal.
_zColombia
650 0 _92448
_aAjedrez
_xEstrategia y técnica
942 _2ddc
_cBK